01593nam a22002657a 4500008004100000020001800041040000800059041000800067050002700075100003300102245002900135260006800164300002800232490003100260520065200291650006000943650007001003650002101073650002901094650004501123651004301168942000801211952009301219999001501312251024b |||||||| |||| 00| 0 eng d a9780356516066 ctbs aeng aPR6114.O777 bI84 2022 aNorth, Claire926321eauthor aIthaca c/ Claire North. aLondon :bOrbit, an imprint of Little, Brown Book Group,c2023. avi, 391 pages ;c20 cm. aSongs of Penelope ;vbk. 1 aSeventeen years ago, King Odysseus sailed to war with Troy, taking with him every man of fighting age from the island of Ithaca. None of them has returned, and the women of Ithaca have been left behind to run the kingdom. Penelope was barely into womanhood when she wed Odysseus. While he lived, her position was secure. But now, years on, speculation is mounting that her husband is dead, and suitors are beginning to knock at her door. No one man is strong enough to claim Odysseus' empty throne--not yet. But everyone waits for the balance of power to tip, and Penelope knows that any choice she makes could plunge Ithaca into bloody civil war. 0aPenelope (Greek mythological character)vFiction926322 0aOdysseus, King of Ithaca (Mythological character)vFiction926323 0aMythology912220 0aSurvivalvFiction926325 0aMan-woman relationships vFiction911134 0aIthaca Island (Greece)vFiction926324 2lcc 00102lcc4070aTBSbTBSd2025-10-24l0oP-EN NORpB05690r2025-10-24t1w2025-10-24y1 c5106d5106